000 00322cam a22001217a 4500
008 180718b1974 xxu||||| |||| 00| 0 eng d
082 _aA99 P288m
100 _aPavate, D.C.
245 _aMy days as governor
_cby D.C. Pavate
260 _aDelhi
_bVikas
_c1974
300 _a240p.
650 _aPunjab - Politics and government
999 _c351853
_d351853